书目信息 |
| 题名: |
新型分离技术基础
|
|
| 作者: | 刘茉娥 , 陈欢林 编著 | |
| 分册: | ||
| 出版信息: | 杭州 浙江大学出版社 1993.08 |
|
| 页数: | 239页 | |
| 开本: | 16开 | |
| 丛书名: | ||
| 单 册: | ||
| 中图分类: | TQ028 | |
| 科图分类: | ||
| 主题词: | 化工过程:物理过程 , 化工过程:物理化学过程 , 化工过程 | |
| 电子资源: | ||
| ISBN: | 7-308-02085-1 | |
| 000 | 00667nam0 2200229 45 | |
| 001 | 0010071035 | |
| 005 | 20001007102359.2 | |
| 010 | @a7-308-02085-1@d17.00元 | |
| 100 | @a20001007d1993 km y0chiy0120 ea | |
| 101 | 0 | @achi |
| 200 | 1 | @a新型分离技术基础@Axin xing fen li ji shu ji chu@f刘茉娥,陈欢林编著@FLiu Mo E,Chen Huan Lin Bian Zhu |
| 205 | @a第2版 | |
| 210 | @a杭州@c浙江大学出版社@d1993.08 | |
| 215 | @a239页@d16开 | |
| 606 | 0 | @a化工过程:物理过程 |
| 606 | 0 | @a化工过程:物理化学过程 |
| 606 | 0 | @a化工过程 |
| 690 | @aTQ028@v3 | |
| 701 | 0 | @a刘茉娥@4编著 |
| 701 | 0 | @a陈欢林@4编著 |
| 801 | @aCN@bPftUser@c20001007 | |
| 905 | @b169718-722@dTQ028@eL220=2@f5 | |
| 新型分离技术基础/刘茉娥,陈欢林编著.-第2版.-杭州:浙江大学出版社,1993.08 |
| 239页;16开 |
| ISBN 7-308-02085-1:17.00元 |
| ● |
| 相关链接 |
|
|
|
正题名:新型分离技术基础
索取号:TQ028/L220=2
 
预约/预借
| 序号 | 登录号 | 条形码 | 馆藏地/架位号 | 状态 | 备注 |
| 1 | 169718 | 201697182 | 自科二线400A/400A自科库 25排1列1层/ [索取号:TQ028/L220=2] | 在馆 | |
| 2 | 169719 | 201697191 | 自科二线400A/400A自科库 25排1列1层/ [索取号:TQ028/L220=2] | 在馆 | |
| 3 | 169720 | 201697208 | 自科二线400A/400A自科库 25排1列1层/ [索取号:TQ028/L220=2] | 在馆 | |
| 4 | 169721 | 201697217 | 自科库501/501自科库 137排9列4层/ [索取号:TQ028/L220=2] | 在馆 | |
| 5 | 169722 | 201697226 | 材料与化工学院资料室/ [索取号:TQ028/L220=2] | 在馆 | |
| 6 | 534644 | 205346446 | 材料与化工学院资料室/ [索取号:TQ028/L220=2] | 在馆 | |
| 7 | 534645 | 205346455 | 自科库501/501自科库 137排9列4层/ [索取号:TQ028/L220=2] | 在馆 | |
| 8 | 534646 | 205346464 | 自科库501/501自科库 137排9列4层/ [索取号:TQ028/L220=2] | 在馆 | |
| 9 | 534647 | 205346473 | 自科库501/501自科库 137排9列4层/ [索取号:TQ028/L220=2] | 在馆 |